000 01017 a2200229 4500
999 _c9836
_d9836
020 _a0849319706
050 0 0 _aKF 8961 FOR 2006
100 _aWecht, Cyril H.
_eeditor
245 0 0 _aForensic science and law :
_binvestigative applications in criminal, civil, and family justice /
_cedited by Cyril H. Wecht, John T. Rago.
264 _aU.S.A. :
_bTaylor and Francis,
_c2006
300 _a697 p. :
_bill. ;
500 _aIncludes bibliographical references and index
504 _aIncludes bibliographical references and index
650 0 _aEvidence, Expert
650 0 _aForensic sciences
650 0 _aCriminal investigation
700 1 _aRago, John T.
_eeditor
856 4 2 _3Publisher description
_uhttp://www.loc.gov/catdir/enhancements/fy0646/2005051076-d.html
942 _2lcc
_cBK
_h8961
_iFOR
_kKF